000 00391nam a2200181Ia 4500
005 20240823032937.0
008 240823s9999||||xx |||||||||||||| ||und||
041 _aENGLISH
082 _A550 Q0
100 _aMathur S M
245 0 _aElements of Geology
250 _a1st
260 _c2010
_b#VALUE!
500 _aYES
650 _aGeology
_bGeneral
942 _cBK
999 _c194632
_d194632